[Event "Schleswig Holstein-ch U25 op"]
[Site "Neumuenster"]
[Date "2004.03.23"]
[Round "5"]
[White "Bestmann, Rudolf"]
[Black "Schwarz, Dennis"]
[Result "0-1"]
[WhiteElo "1286"]
[BlackElo "1538"]
[PlyCount "96"]
[EventDate "2004.03.20"]
[EventType "swiss"]
[EventRounds "9"]
[EventCountry "GER"]
[SourceTitle "EXT 2006"]
[Source "ChessBase"]
[SourceDate "2005.11.24"]
[SourceVersion "1"]
[SourceVersionDate "2005.11.24"]
[SourceQuality "1"]

1. c4 e5 2. Nc3 f5 3. d3 Nf6 4. Bg5 Be7 5. Nf3 Nc6 6. e3 0-0 7. Be2 h6 8. Bxf6 Bxf6 9. 0-0 d6 10. a3 a5 11. Nd5 Be6 12. Nxf6+ Qxf6 13. Rc1 b6 14. d4 exd4 15. Nxd4 Nxd4 16. Qxd4 f4 17. Qxf4 Qxb2 18. Qe4 Bf5 19. Qc6 Qxe2 20. Qxc7 Rfc8 21. Qxd6 Qd3 22. Qxb6 Qxa3 23. Qb5 Qc5 24. h3 Qxb5 25. cxb5 Bd3 26. Rxc8+ Rxc8 27. Ra1 Ra8 28. b6 Be4 29. f3 Bc6 30. e4 Kf7 31. Kf2 Ke6 32. Ke3 a4 33. Kd4 Kd7 34. Kc5 Ra5+ 35. Kd4 Kc8 36. e5 Rd5+ 37. Kc3 Rxe5 38. Kb4 Rb5+ 39. Ka3 Rxb6 40. Re1 Kd7 41. Re3 Rb3+ 42. Rxb3 axb3 43. Kxb3 Ke6 44. Kc3 Ke5 45. Kd3 Kf4 46. Ke2 Kg3 47. Kf1 Bxf3 48. gxf3 Kxf3 0-1